Journal of Environment & Development, The

Bibliographic Details
Format: eBook
Language:English
Published: Thousand Oaks: Sage Publications, Inc., 1992 -
Subjects:
Online Access:Acceso restringido

MARC

LEADER 00000nam a22000007a 4500
005 20220421205528.0
007 cr|||| |||
008 220421c19929999us qr|w s|||| 0|||b1eng d
022 |a 1070-4965 
035 |a 33815 
040 |a vLex 
090 |c 13220  |d 13220 
245 0 0 |a Journal of Environment & Development, The  |h [Recurso electrn̤ico] / 
256 |a Servicio en ln̕ea 
260 |a Thousand Oaks:  |b Sage Publications, Inc.,  |c 1992 - 
300 |a 1 recurso electrn̤ico 
310 |a Trimestral 
362 |a Nð 1-1 (Jul. 1992) - 
506 1 |a Disponible solo en los productos indicados  |d vLex Global  |d vLex Global (Academic Edition, excluding Law Schools)  |d vLex Global (Academic Edition, Law Schools) 
650 0 4 |a Derecho del Medio Ambiente  |z Estados Unidos 
740 0 |a vLex Revistas (Servicio en ln̕ea) 
856 4 0 |u https://app.vlex.com/#/sources/33815  |z Acceso restringido 
942 |c REV 
999 0 |a Environmental Law